| 000 | 00388nam a2200157Ia 4500 | ||
|---|---|---|---|
| 008 | 230711s9999||||xx |||||||||||||| ||und|| | ||
| 020 | _a81-261-0903-3 | ||
| 041 | _aENG | ||
| 082 |
_a630 _bPR-F |
||
| 100 | _aPrabhakar, V.K. | ||
| 245 | 0 | _aForestry and Forest Resources | |
| 260 |
_c2001 _aNew Delhi _bAnmol Publication(P) Ltd. |
||
| 300 | _a264p. | ||
| 650 | _aAgriculture | ||
| 942 | _cBK | ||
| 999 |
_c7559 _d7559 |
||